Statistiques concernant Pokémon par images de Picross #2

Cliquez ici pour prendre le quiz!

Statistiques générales

  • Ce quiz a été pris 115 fois
  • Le résultat moyen est 14 sur 16

Statistiques - réponses

Réponse% Correct
Evoli
99%
Ectoplasma
94%
Lucario
94%
Florizarre
92%
Gardevoir
91%
Deoxys
89%
Roucarnage
89%
Gobou
88%
Victini
86%
Luxray
85%
Togepi
85%
Papilusion
84%
Marill
83%
Lugulabre
73%
Pijako
68%
Trousselin
64%

Distribution des résultats

Percentile par nombre de réponses

% des personnes avec chaque résultat

Votre développement - résultats

Vous n’avez pas pris ce quiz